Independent truckers : the effect of recent legislation on earnings (effects of the Surface Transportation Assistance Act of 1982 and the Department of Transportation and Related Agencies Appropriations Act, 1983, as they affect highway-related taxes, two trailers, length and width of vehicles, and weight of loads) /

Bibliographic Details
Main Author: Thompson, Stephen J.
Corporate Author: Library of Congress. Congressional Research Service
Format: Microform Book
Language:English
Published: [Washington, D.C.] : Congressional Research Service, Library of Congress, 1983.
Series:Major studies and issue briefs of the Congressional Research Service. Supplement ; 1983-84, reel 13, fr. 0992.
Subjects:

MARC

Tag First Indicator Second Indicator Subfields
LEADER 00000cam a2200000Ia 4500
001 in00001652821
005 20151023104121.0
007 hd afa014baca
008 981105s1983 dcu a f000 0 eng d
035 |a (OCoLC)ocm40249104 
040 |a HDB  |c HDB  |d UtOrBLW 
043 |a n-us--- 
049 |a TXAM 
090 |a JK1108  |b .M35 Suppl. 1983-84 reel 13, fr. 0992 
099 |a Film  |a S  |a 1707  |a 1983-84, reel 13, fr. 0992 
100 1 |a Thompson, Stephen J. 
245 1 0 |a Independent truckers :  |b the effect of recent legislation on earnings (effects of the Surface Transportation Assistance Act of 1982 and the Department of Transportation and Related Agencies Appropriations Act, 1983, as they affect highway-related taxes, two trailers, length and width of vehicles, and weight of loads) /  |c Dr. Stephen J. Thompson. 
264 1 |a [Washington, D.C.] :  |b Congressional Research Service, Library of Congress,  |c 1983. 
300 |a vii, 28 pages ;  |c 28 cm. 
336 |a text  |b txt  |2 rdacontent 
337 |a microform  |b h  |2 rdamedia 
338 |a microfilm reel  |b hd  |2 rdacarrier 
500 |a Cover title. 
500 |a "March 1, 1983." 
500 |a "Report Number 83-27 E." 
500 |a "HE 5725 B." 
500 |a "Economics Division." 
504 |a Includes bibliographical references. 
533 |a Microfilm.  |b Frederick, MD :  |c University Publications of America,  |d 1984.  |e on 1 microfilm reel ; 35 mm. Low reduction.  |f (Major studies and issue briefs of the Congressional Research Service. 1983-84 supplement ; reel 13, fr. 0992). 
500 |a Microform. 
650 0 |a Wages  |x Highway transport workers  |z United States. 
650 0 |a Trucking  |x Taxation  |x Law and legislation  |z United States. 
650 0 |a Transportation, Automotive  |x Law and legislation  |z United States. 
650 0 |a Highway transport workers  |z United States. 
710 2 |a Library of Congress.  |b Congressional Research Service. 
830 0 |a Major studies and issue briefs of the Congressional Research Service.  |p Supplement ;  |v 1983-84, reel 13, fr. 0992. 
994 |a 92  |b TXA 
999 |a MARS 
999 f f |s 9280bfe1-2552-3e3c-9d52-21216562f1d9  |i 12a12d0d-168e-3a2f-bd86-1e47a50efbd8  |t 0 
952 f f |p normal  |a Texas A&M University  |b College Station  |c Sterling C. Evans Library  |d Evans: Microforms (3rd floor)  |t 0  |e Film S 1707 1983-84, reel 13, fr. 0992  |h Other scheme  |i microform -- microfilm reel 
998 f f |a Film S 1707 1983-84, reel 13, fr. 0992  |t 0  |l Evans: Microforms (3rd floor)